00626nam a22001817a 4500003000400000005001700004008004100021020001800062040002200080082001800102130005500120245005100175260006400226300001900290650007500309651004500384710001500429OSt20221102190149.0150522b xxu||||| |||| 00| 0 eng d a3-909622-06-2 cBiblioteca Lado V a702.81bP438p aPerformative! Performance Arts in Switzerlandleng aPerformative! Performance Arts in Switzerland/ aAlemanbPro-Helvetia, the Arts Council of Switzerlandc2005 a107p.c12x21cm xARTE PERFORMATIVOxARTExARTE CORPORAL2Tesauro de Arte & Arquitectura 2Tesauro de Arte & ArquitecturaaALEMANIA aJoan Duran